书目信息 |
| 题名: |
韩星四大天后私密画传
|
|
| 作者: | 龙巍坚 编著 | |
| 分册: | ||
| 出版信息: | 北京 中国长安出版社 2005 |
|
| 页数: | 255页 | |
| 开本: | 23cm | |
| 丛书名: | ||
| 单 册: | ||
| 中图分类: | K833.12 | |
| 科图分类: | ||
| 主题词: | 女性--演员--生平事迹--韩国--现代 , 女性 , 演员 | |
| 电子资源: | ||
| ISBN: | 7-80175-326-7 | |
| 000 | 00776nam0 2200241 450 | |
| 001 | 1230731214 | |
| 005 | 20121013083242.70 | |
| 010 | @a7-80175-326-7@dCNY39.80 | |
| 100 | @a20050119d2005 em y0chiy50 ea | |
| 101 | 0 | @achi |
| 102 | @aCN@b110000 | |
| 105 | @aa z 000yd | |
| 200 | 1 | @a韩星四大天后私密画传@Ahan xing si da tian hou si mi hua zhuan@f龙巍坚编著 |
| 210 | @a北京@c中国长安出版社@d2005 | |
| 215 | @a255页@c彩照@d23cm | |
| 330 | @a本书结合大量图片介绍了韩国影视明星崔智友、全智贤、宋慧乔、宝儿的个人成长、从艺历程、主要影视活动与代表作品等。 | |
| 606 | 0 | @a女性@x演员@x生平事迹@y韩国@z现代 |
| 606 | 0 | @a女性 |
| 606 | 0 | @a演员 |
| 690 | @aK833.12@v4 | |
| 701 | 0 | @a龙巍坚@Along wei jian@4编著 |
| 801 | 0 | @aCN@bNLC@c20101222 |
| 905 | @a10447@dK833.12@eJY89 | |
| 韩星四大天后私密画传/龙巍坚编著.-北京:中国长安出版社,2005 |
| 255页:彩照;23cm |
| ISBN 7-80175-326-7:CNY39.80 |
| 本书结合大量图片介绍了韩国影视明星崔智友、全智贤、宋慧乔、宝儿的个人成长、从艺历程、主要影视活动与代表作品等。 |
| ● |
| 相关链接 |
|
|
|
|
正题名:韩星四大天后私密画传
索取号:K833.12/JY89
 
预约/预借
| 序号 | 登录号 | 条形码 | 馆藏地/架位号 | 状态 | 备注 |
| 1 | 7826598 | 278265985 | 学院路分馆/ [索取号:K833.12/JY89] | 在馆 | |
| 2 | 7826599 | 278265994 | 学院路分馆/ [索取号:K833.12/JY89] | 在馆 | |
| 3 | 7826600 | 278266001 | 学院路分馆/ [索取号:K833.12/JY89] | 在馆 | |
| 4 | 7826601 | 278266010 | 学院路分馆/ [索取号:K833.12/JY89] | 在馆 |